| 000 | 00382nam a2200109Ia 4500 | ||
|---|---|---|---|
| 008 | 171211s9999 xx 000 0 und d | ||
| 245 | _aClassical Sculpture: Catalogue of the Cypriot, Greek, and Roman Stone Sculpture in the University of Pennsylvania Museum | ||
| 245 | _cIrene Bald Romano | ||
| 260 | _c2006 | ||
| 650 | _xART | ||
| 856 | _uhttp://down.ebook777.com/064/1931707847.pdf | ||
| 999 |
_c348529 _d348529 |
||